|
|
|
|
| LEADER |
01301nam a2200289 a 4500 |
| 001 |
14688426 |
| 008 |
090616s2008 njua b 001 0 eng d |
| 010 |
|
|
|a 2007000562
|
| 020 |
|
|
|a 9788120332928
|
| 020 |
|
|
|a 9780132390026 (alk. paper)
|
| 020 |
|
|
|a 0132390027 (alk. paper)
|
| 040 |
|
|
|a DLC
|c DLC
|d YDX
|d BAKER
|d BTCTA
|d YDXCP
|d NLGGC
|d DLC
|
| 082 |
0 |
0 |
|a 658.8
|2 22
|
| 100 |
1 |
|
|a Kotler, Philip.
|
| 245 |
1 |
0 |
|a Principles of marketing /
|c Philip Kotler, Gary Armstrong.
|
| 250 |
|
|
|a 12th ed.
|
| 260 |
|
|
|a Upper Saddle River, N.J. ;
|a New Delhi :
|b Pearson/Prentice Hall,
|c c2008.
|
| 300 |
|
|
|a xxiv, 599, [99] p. :
|b ill. (chiefly col.) ;
|c 29 cm.
|
| 504 |
|
|
|a Includes bibliographical references (p. R-1 - R-30) and indexes.
|
| 541 |
1 |
|
|e 00018059
|
| 650 |
|
0 |
|a Marketing.
|
| 700 |
1 |
|
|a Armstrong, Gary
|q (Gary M.)
|
| 852 |
4 |
|
|a Ayesha Abed Library
|j General shelf
|
| 942 |
0 |
0 |
|0 2
|
| 999 |
|
|
|c 1424
|d 1424
|
| 952 |
|
|
|0 0
|1 0
|2 ddc
|4 0
|6 658_800000000000000_KOT_2008
|7 0
|9 1302
|a BRACUL
|b BRACUL
|c GEN
|d 2009-06-28
|g 735.00
|l 53
|m 300
|o 658.8 KOT
|p 3010018059
|r 2025-09-01
|s 2024-01-22
|t 1
|w 2009-06-28
|y BK
|
| 952 |
|
|
|0 0
|1 4
|2 ddc
|4 0
|6 658_800000000000000_KOT
|7 0
|9 9343
|a BRACUL
|b BRACUL
|c GEN
|d 2010-04-20
|l 3
|m 8
|o 658.8 KOT
|p 3010018060
|r 2019-04-03
|s 2010-09-22
|t 2
|w 2010-04-20
|y BK
|z <For replacement, purchased 5 cops.>
|x Koha Inventory 2020
|